Ανάπτυξη μεθοδολογικού πλαισίου για την χαρτογράφηση της παραγωγικής κατάστασης των ελαιώνων της νήσου Λέσβου με χρήση δορυφορικών εικόνων Landsat TM : πτυχιακή εργασία

Αποθηκεύτηκε σε:
Λεπτομέρειες βιβλιογραφικής εγγραφής
Κύριος συγγραφέας: Κουκούλας, Σωτήριος
Συγγραφή απο Οργανισμό/Αρχή: Πανεπιστήμιο Αιγαίου. Σχολή Περιβάλλοντος. Τμήμα Περιβάλλοντος
Άλλοι συγγραφείς: Χατζόπουλος, Ιωάννης Ν. (Εισηγητής διατριβής), Γιούργα, Χριστίνα (Εισηγητής διατριβής)
Μορφή: Thesis Βιβλίο
Γλώσσα:Greek
Δημοσίευση: Μυτιλήνη : Πανεπιστήμιο Αιγαίου, Τμήμα Περιβάλλοντος, 1994
Θέματα:
Διαθέσιμο Online:http://hdl.handle.net/11610/9842
Ετικέτες: Προσθήκη ετικέτας
Δεν υπάρχουν, Καταχωρήστε ετικέτα πρώτοι!

MARC

LEADER 00000cam a2200000 i 4500
001 1/4327
008 000526s1994 gre d
035 |l 10061142 
040 |a GR-MY-UA  |b gre  |e aacr 
041 0 |a gre 
082 0 |a 338.1  |2 (22) 
100 1 |a Κουκούλας, Σωτήριος. 
245 1 0 |a Ανάπτυξη μεθοδολογικού πλαισίου για την χαρτογράφηση της παραγωγικής κατάστασης των ελαιώνων της νήσου Λέσβου με χρήση δορυφορικών εικόνων Landsat TM :  |b πτυχιακή εργασία /  |c Κουκούλας Σωτήριος ; επιβλέποντες καθηγητές Ι.Ν. Χατζόπουλος, Χ. Γιούργα 
260 |a Μυτιλήνη :   |b Πανεπιστήμιο Αιγαίου, Τμήμα Περιβάλλοντος,   |c 1994 
300 |a 86 σ.;  |b εικ., πιν., σχ., χάρτες;  |c 30 εκ. 
500 |a Επιτροπή: Ι. Ν. Χατζόπουλος, Χ. Γιούργα, Ν. Σ. Μάργαρης 
502 |a Πτυχιακή εργασία – Πανεπιστήμιο Αιγαίου, Λέσβος, 1994. 
504 |a Περιέχει βιβλιογραφία 
650 0 0 |a Agricultural estimating and reporting. 
650 0 0 |a Land use surveys  |z Greece  |z Lesbos (Municipality) 
650 0 0 |a Agricultural mapping. 
650 0 0 |a Agriculture  |x Remote sensing. 
650 0 0 |a Olive  |z Greece  |z Lesbos (Municipality) 
650 0 0 |a Dissertations, Academic  |z Greece. 
700 1 |a Χατζόπουλος, Ιωάννης Ν.  |4 ths 
700 1 |a Γιούργα, Χριστίνα.  |4 ths 
710 2 |a Πανεπιστήμιο Αιγαίου.   |b Σχολή Περιβάλλοντος.   |b Τμήμα Περιβάλλοντος. 
852 |a INST  |b LESVOS  |c DIATR  |e 20000526  |h 133  |p 005100026188  |q 005100026188  |t DIE  |y 23 
852 |a INST  |b LESVOS  |c DIATR  |e 20000526  |h 134  |p 005100026189  |q 005100026189  |t DIE  |y 23 
856 |u http://hdl.handle.net/11610/9842 
901 |a BIBL1-2000-2 
909 |a Λ  |b 078962 
909 |a Λ  |b 078961 
924 |a ΚΟΥΚΟΥΛΑΣ  |b ΣΩΤΗΡΙΟΣ  |y ΛΕΣΒΟΣ  |z 1993-03 
970 |a ΑΙΒΑΤΖΙΔΟΥ  |b ΕΛΕΝΗ  |z 2000/05/26